Humankind cultures - Statistics

General Stats
  • This quiz has been taken 39 times
  • The average score is 17 of 86
Answer Stats
Answer % Correct
Greek
79%
French
71%
Japanese
71%
Chinese
67%
British
58%
Spanish
54%
Dutch
50%
Mongols
50%
Romans
42%
Americans
38%
Babylonians
33%
Brazilians
33%
English
33%
Germans
33%
Indians
33%
Persians
33%
Australians
29%
Aztecs
29%
Han
29%
Inca
29%
Italians
29%
Mayans
29%
Mexicans
29%
Ottomans
29%
Assyrians
25%
Carthaginians
25%
Phoenicians
25%
Russians
25%
Turks
25%
Byzantine
21%
Franks
21%
Goths
21%
Huns
21%
Khmer
21%
Ming
21%
Mughals
21%
Nubians
21%
Swiss
21%
Argentinians
17%
Celts
17%
Ethiopians
17%
Maori
17%
Nigerians
17%
Soviets
17%
Sumerians
17%
Bulgarians
13%
Cubans
13%
Mauryans
13%
Poles
13%
Scots
13%
Swedes
13%
Umayyads
13%
Zhou
13%
Zulus
13%
Austro-Hungarian
8%
Ghanaians
8%
Hawaiians
8%
Hittites
8%
Maasai
8%
Polynesians
8%
Siamese
8%
Swahili
8%
Teutons
8%
Aksumites
4%
Caralans
4%
Caribbean Pirates
4%
Edo Japanese
4%
Harappans
4%
Haudenosaunee
4%
Mississippians
4%
Mycenaens
4%
Nazca
4%
Olmecs
4%
Singaporeans
4%
Venetians
4%
Achaemenid Persians
0%
Bantu
0%
Egyptians (ancient)
0%
Egyptians (contemporary)
0%
Garamantes
0%
Joseon
0%
New Zealanders
0%
Norsemen
0%
Pama-Nyungans
0%
Rapa Nui
0%
Taino
0%
No matching quizzes found
Score Distribution
Percent of People with Each Score
Percentile by Number Answered
Your Score History
You have not taken this quiz